000 00461nam a22001817a 4500
003 NUST - PNEC
005 20170116181039.0
008 150921b xxu||||| |||| 00| 0 eng d
020 _a0138530866
040 _cLIBRARY
082 _a624.171 CHA
100 _911548
_a Chajes, Alexander
245 _aStructural analysis
_cAlexander Chajes
250 _a2nd ed.
260 _cc 1990
650 _96142
_aStructural analysis (Engineering)
942 _2ddc
_cBK
999 _c68050
_d68050